00314pab a2200121 454500008004000000100002200040245004900062260000900111300001300120362001000133650001500143773003400158180718b2008 xxu||||| |||| 00| 0 eng d aMehrotra, Santosh aNREG two years on: where do we go from here? c2008 ap.27-35. a2 Aug aEmployment aEconomic and Political Weekly